[Event "4th ch-EU"]
[Site "Liverpool ENG"]
[Date "2008.09.12"]
[Round "4"]
[White "D'Costa,L"]
[Black "L'Ami,E"]
[Result "1/2-1/2"]
[WhiteElo "2414"]
[BlackElo "2610"]

1.Nf3 Nf6 2.c4 c6 3.d4 d5 4.Qc2 a6 5.Bf4 Bg4 6.Ne5 Be6 7.Nd2 Nbd7 8.e3 Nh5
9.Nxd7 Qxd7 10.Bg5 f6 11.Bh4 g5 12.Be2 Bf7 13.Bg3 e6 14.a3 Bg6 15.Bd3 Bxd3
16.Qxd3 h6 17.Qg6+ Qf7 18.Qxf7+ Kxf7 19.Bc7 Rc8 20.Bb6 e5 21.dxe5 fxe5 22.Rc1 Be7
23.Ke2 Nf6 24.cxd5 cxd5 25.Bc7 Ke6 26.Rc2 Bd6 27.Rhc1 Rh7 28.Bxd6 Rxc2 29.Rxc2 Kxd6
30.f3 Rc7 31.Rxc7 Kxc7 32.e4 d4 33.Nc4 Nd7 34.g3 b5 35.Nd2 Kd6 36.b4 h5 37.Kd3 Nf8
38.f4 exf4 39.gxf4 gxf4 40.Nf3 Ne6 41.h4 Kd7 42.e5 Kc6 43.Nxd4+ Kd5 44.Nxe6 Kxe6
45.Ke4 f3 46.Kxf3 Kxe5 47.Ke3  1/2-1/2

[Event "61st ch-RUS HL"]
[Site "Novokuznetsk RUS"]
[Date "2008.09.12"]
[Round "9"]
[White "Ovetchkin,R"]
[Black "Skorchenko,D"]
[Result "0-1"]
[WhiteElo "2558"]
[BlackElo "2511"]

1.d4 d5 2.c4 c6 3.Nf3 Nf6 4.Qb3 dxc4 5.Qxc4 Bf5 6.g3 e6 7.Bg2 Nbd7 8.O-O Be7
9.Nc3 O-O 10.Qb3 Qb6 11.Qxb6 axb6 12.Nh4 Bc2 13.Bd2 h6 14.Rac1 Bh7 15.Rfe1 b5
16.a3 Nb6 17.e4 Nc4 18.Rc2 b4 19.axb4 Bxb4 20.Bc1 b5 21.Rce2 Ra1 22.f4 Rd8
23.e5 Nd5 24.Bd2 Rda8 25.Bxd5 cxd5 26.f5  0-1

[Event "7th Georgiev - Kesarovski Mem"]
[Site "Sunny Beach BUL"]
[Date "2008.09.12"]
[Round "7"]
[White "Lisko,F"]
[Black "Vasilev,M"]
[Result "0-1"]
[WhiteElo "2279"]
[BlackElo "2479"]

1.d4 d5 2.c4 c6 3.Nf3 dxc4 4.e3 Be6 5.Qc2 Nf6 6.Bxc4 Bxc4 7.Qxc4 e6 8.Nc3 Be7
9.O-O O-O 10.e4 Nbd7 11.Bf4 Qa5 12.a3 Rfd8 13.b4 Qh5 14.h3 a5 15.Rfe1 h6
16.b5 Nb6 17.Qb3 a4 18.Qb1 Nc4 19.bxc6 bxc6 20.Qb7 Bxa3 21.Bc7 Rdc8 22.Nxa4 Qb5
23.Nb6 Na5 24.Qxc8+ Rxc8 25.Nxc8 Nc4 26.Rab1 Qa6 27.Nb6 Nxb6 28.Rxb6 Qc4
29.Rb8+ Kh7 30.Ba5 Qc2 31.Nd2 Bc1 32.Nb3 Bf4 33.e5 Ne4 34.Rf1 Nxf2 35.Bd2 Nxh3+
36.gxh3 Bxd2 37.Kg2 Be1+ 38.Kf3 Qd3+ 39.Kg2 Qe2+ 40.Kg1 Qe3+ 41.Kg2 Qg3+  0-1

[Event "I Liga Seniorow"]
[Site "Ustron POL"]
[Date "2008.09.13"]
[Round "8"]
[White "Pieniazek,Ar"]
[Black "Kuczynski,R"]
[Result "0-1"]
[WhiteElo "2376"]
[BlackElo "2497"]

1.d4 d5 2.c4 c6 3.Nf3 dxc4 4.e3 Be6 5.a4 Nf6 6.Na3 c5 7.Bxc4 Bxc4 8.Nxc4 cxd4
9.Qxd4 Nc6 10.Qxd8+ Rxd8 11.Ke2 Ne4 12.Nfe5 Nxe5 13.Nxe5 g6 14.Ra3 Bg7 15.Nd3 Rc8
16.f3 Nd6 17.Bd2 Rc2 18.Rc1 Rxb2 19.e4 b5 20.axb5 Nxb5 21.Nxb2 Nxa3 22.Bc3 O-O
23.Bxg7 Kxg7 24.Rc7 Rb8 25.Nd3 Nb5 26.Rxe7 a5 27.Ne5 Kf6 28.Nd7+ Kxe7 29.Nxb8 Kd6
30.Kd3 Kc5 31.Na6+ Kb6 32.Nb8 Nd6 33.e5 Nf5 34.Nd7+ Kb5 35.g4 Ne7 36.Kc3 Nd5+
37.Kb3 a4+ 38.Ka3 Nb6 39.Nf6 Nc4+ 40.Ka2 Nxe5 41.f4 Nf3 42.Nxh7 Nxh2 43.Nf6 Nf3
44.Ne4 Kc6 45.Ka3 Kd5 46.Nf2 Kd4 47.Kxa4 Ke3 48.Nh3 Ke2 49.g5 Nh4 50.Kb4 Nf5
51.Kc4 Kf3 52.Kd5 Kg2 53.Ke5 Kxh3 54.Kf6 Kg4 55.Kxf7 Nh4 56.Kg7  0-1

[Event "EYb18"]
[Site "Herceg Novi MNE"]
[Date "2008.09.15"]
[Round "1"]
[White "Kopylov,Al2"]
[Black "Nikologorsky,M"]
[Result "1-0"]
[WhiteElo "2421"]
[BlackElo "2197"]

1.d4 d5 2.c4 c6 3.Nf3 Nf6 4.Qb3 dxc4 5.Qxc4 b5 6.Qd3 b4 7.g3 e6 8.Bg2 Bb7
9.Ne5 Nbd7 10.Nc4 Nd5 11.e4 N5b6 12.Na5 Qc8 13.Nxb7 Qxb7 14.O-O Be7 15.Be3 O-O
16.Nd2 Rfd8 17.Qe2 Rac8 18.Nb3 Na4 19.e5 Qb5  1-0

[Event "EYb18"]
[Site "Herceg Novi MNE"]
[Date "2008.09.15"]
[Round "1"]
[White "Bojchev,M"]
[Black "Hansen,Martin2"]
[Result "1/2-1/2"]
[WhiteElo "2406"]
[BlackElo "2128"]

1.d4 d5 2.c4 c6 3.Nf3 Nf6 4.Qc2 e6 5.Bg5 Nbd7 6.Nc3 dxc4 7.a4 Qa5 8.Bxf6 gxf6
9.Qc1 Bb4 10.Nd2 Nb6 11.e4 Qg5 12.h4 Qa5 13.Nxc4 Nxc4 14.Bxc4 Bd7 15.O-O O-O-O
16.Ne2 Rhg8 17.Qf4 Rg6 18.Rfd1 Rdg8 19.Ng3 Qc7 20.Qxc7+ Kxc7 21.Bf1 Bd6 22.Nh5 e5
23.dxe5 Bxe5 24.Rd2 Bg4 25.Ng3 Bxg3 26.fxg3 Be6  1/2-1/2

[Event "4th Pichay Cup"]
[Site "Manila PHI"]
[Date "2008.09.15"]
[Round "2"]
[White "Gonzales,Jay"]
[Black "Causo,D"]
[Result "1-0"]
[WhiteElo "2524"]
[BlackElo "2410"]

1.d4 d5 2.c4 c6 3.Nf3 Nf6 4.Qc2 g6 5.Bf4 Bg7 6.e3 O-O 7.Nc3 a6 8.h3 b5 9.cxd5 cxd5
10.Bd3 Bb7 11.O-O Nc6 12.a3 Na5 13.b3 Rc8 14.Rfc1 Ne4 15.Bxe4 dxe4 16.Nd2 f5
17.Qa2 Bd5 18.Rc2 Bf7 19.Rac1 Qd7 20.Ne2 Qe6 21.Bc7 Nxb3 22.Nxb3 Qxb3 23.Qa1 Qe6
24.Be5 Bxe5 25.dxe5 Rxc2 26.Rxc2 Rd8 27.h4 Rd5 28.Nd4 Qxe5 29.Rc8+ Kg7 30.g3 Kh6
31.Qc1 Qf6 32.Rf8 Qg7 33.Qc8 Rc5 34.Qxc5 Qxf8 35.Qc6 Bc4 36.Qxa6 Qf7 37.Qb7 Qf6
38.Qc6 Qxc6 39.Nxc6 e6 40.Kg2 Kg7 41.g4 fxg4 42.Kg3 h5 43.Kf4 Kf6 44.Ne5 Bd3
45.Nd7+ Ke7 46.Ne5 Kd6 47.Nxg6 Kc5 48.Ne5 Kb6 49.Nd7+ Kc6 50.Nf6 Kc5 51.Nxh5 Kc4
52.Nf6 Kb3 53.h5 Kxa3 54.h6 b4 55.h7 b3 56.h8=Q b2 57.Qa8+ Kb3 58.Nxe4  1-0

[Event "4th Pichay Cup"]
[Site "Manila PHI"]
[Date "2008.09.16"]
[Round "5"]
[White "Nguyen Ngoc Truong Son"]
[Black "Zhang Ziyang"]
[Result "1/2-1/2"]
[WhiteElo "2579"]
[BlackElo "2441"]

1.d4 d5 2.c4 c6 3.Nf3 Nf6 4.Qc2 dxc4 5.Qxc4 Bf5 6.Nc3 Nbd7 7.g3 e6 8.Bg2 Be7
9.O-O O-O 10.Re1 Ne4 11.Qb3 Qb6 12.Nh4 Bb4 13.Nxf5 exf5 14.Qc2 Qxd4 15.Bxe4 Bxc3
16.Rd1 Qxe4 17.Qxe4 fxe4 18.Rxd7 Bf6  1/2-1/2

[Event "II ROMGAZ Open"]
[Site "Bucharest ROU"]
[Date "2008.09.17"]
[Round "7"]
[White "Itkis,B"]
[Black "Capata,I"]
[Result "1-0"]
[WhiteElo "2447"]
[BlackElo "2134"]

1.d4 d5 2.Nf3 Nf6 3.c4 c6 4.Qc2 g6 5.Bf4 Bf5 6.Qb3 Qb6 7.c5 Qxb3 8.axb3 Na6
9.Nc3 Nb4 10.Ra4 Nc2+ 11.Kd2 Bg7 12.e3 a5 13.Be2 O-O 14.Ne5 Nb4 15.Rha1 Bc2
16.Rxa5 Rxa5 17.Rxa5 Bxb3 18.Ra7 g5 19.Bxg5 Rb8 20.Bf4 b5 21.Nxf7 Re8 22.Ne5 Ne4+
23.Nxe4 Bxe5 24.Bxe5 dxe4 25.Kc3 Na2+ 26.Kxb3 Nc1+ 27.Kc2 Nxe2 28.Kd2 Ng1
29.Ra1 Kf7 30.Rxg1 Ra8 31.f3 exf3 32.gxf3 Ke6 33.e4  1-0

[Event "4th ch-EU"]
[Site "Liverpool ENG"]
[Date "2008.09.17"]
[Round "9"]
[White "Groffen,H"]
[Black "Radovanovic,J"]
[Result "0-1"]
[WhiteElo "2228"]
[BlackElo "2325"]

1.d4 d5 2.c4 c6 3.Nf3 Nf6 4.Qc2 g6 5.Bf4 dxc4 6.Qxc4 Bg7 7.Qb3 O-O 8.e3 c5
9.Nc3 cxd4 10.exd4 Nc6 11.O-O-O a5 12.d5 Nb4 13.a3 Bf5 14.Nd4 Qc8 15.Nxf5 Qxf5
16.Be3 Rfc8 17.axb4 axb4 18.Bd3 Qe5 19.Kd2 bxc3+ 20.bxc3 Rxc3 21.Qxc3 Ne4+
22.Bxe4 Qxc3+ 23.Ke2 Qc4+ 24.Bd3 Ra2+ 25.Rd2 Qg4+  0-1

[Event "EYg14"]
[Site "Herceg Novi MNE"]
[Date "2008.09.18"]
[Round "4"]
[White "Arabidze,M"]
[Black "Galunova,T"]
[Result "1-0"]
[WhiteElo "2152"]
[BlackElo "1839"]

1.d4 d5 2.c4 c6 3.Nf3 Nf6 4.Qc2 Bg4 5.Ne5 Bh5 6.Nc3 dxc4 7.e3 b5 8.a4 Nd5
9.axb5 Nxc3 10.bxc3 e6 11.bxc6 Bd6 12.Nxc4 Be7 13.Ne5 O-O 14.Bd3 Bg6 15.Nxg6 hxg6
16.Be4 Qc7 17.O-O Rc8 18.Qb2 a5 19.Qb7 Ra7 20.Qxc7 Rcxc7 21.c4 Nxc6 22.c5 f5
23.Bf3 Bf6 24.Bd2 e5 25.Bd5+ Kh7 26.Bxc6 Rxc6 27.Bc3 exd4 28.exd4 a4 29.Ra3 Rc8
30.Rfa1 Rb8 31.Kf1 Rba8 32.Ke2 Kg8 33.Kd3 Kf7 34.Kc4 Ke7 35.Re1+ Kd7 36.Bb4 Rb8
37.d5 Kd8 38.Rae3 Re7 39.Rxe7 Bxe7 40.d6 Bf6 41.c6 Ra8 42.Re3 Bg5 43.Rh3 Bh6
44.f4 Ra7 45.Rf3 Ra8 46.g3  1-0

[Event "EYb10"]
[Site "Herceg Novi MNE"]
[Date "2008.09.19"]
[Round "5"]
[White "Minko,V"]
[Black "Ali Marandi,C"]
[Result "0-1"]
[WhiteElo "1800"]
[BlackElo "1809"]

1.d4 d5 2.c4 c6 3.Nf3 Nf6 4.Qc2 g6 5.e3 Bg7 6.Nc3 O-O 7.b3 Bf5 8.Bd3 Bxd3
9.Qxd3 Nbd7 10.O-O Re8 11.Bb2 a6 12.a4 Qb6 13.Qc2 dxc4 14.bxc4 e5 15.a5 Qc7
16.Nxe5 Nxe5 17.dxe5 Ng4 18.Rfd1 Qxe5 19.g3 Qh5 20.h4 Nxe3 21.fxe3 Rxe3 22.Rd2 Rxg3+
23.Rg2 Bd4+ 24.Kh1 Qf3  0-1

[Event "4th Pichay Cup"]
[Site "Manila PHI"]
[Date "2008.09.19"]
[Round "9"]
[White "Nadera,B"]
[Black "Jia Haoxiang"]
[Result "1/2-1/2"]
[WhiteElo "2401"]
[BlackElo "2303"]

1.d4 d5 2.c4 c6 3.Nf3 Nf6 4.Qc2 dxc4 5.Qxc4 Bf5 6.Nc3 e6 7.g3 Be7 8.Bg2 O-O
9.O-O Nbd7 10.e3 Ne4 11.Qe2  1/2-1/2

[Event "Chess City 10th Ann Open"]
[Site "Elista RUS"]
[Date "2008.09.21"]
[Round "7"]
[White "Chashchev,S"]
[Black "Strelnikov,S"]
[Result "0-1"]
[WhiteElo "2294"]
[BlackElo "2334"]

1.d4 d5 2.c4 c6 3.Nf3 Nf6 4.g3 dxc4 5.Bg2 b5 6.O-O Bb7 7.a4 a6 8.b3 cxb3
9.Qxb3 e6 10.Rd1 Nbd7 11.Ne5 Nxe5 12.dxe5 Nd7 13.axb5 axb5 14.Rxa8 Qxa8 15.Ba3 Bxa3
16.Nxa3 Nxe5 17.Qb4 f6 18.Qc5 Qa4 19.Rd4 Qb3 20.h3 g5 21.Be4 Kf7 22.Qa7 f5
23.Bc2 Qc3 24.Bd1 Kf6 25.Nb1 Qe1+  0-1

[Event "EYg14"]
[Site "Herceg Novi MNE"]
[Date "2008.09.21"]
[Round "6"]
[White "Unapkoshvili,N"]
[Black "Klek,H"]
[Result "1/2-1/2"]
[WhiteElo "1897"]
[BlackElo "1964"]

1.d4 d5 2.c4 c6 3.Nf3 Nf6 4.Qc2 e6 5.g3 Nbd7 6.Bg2 Be7 7.O-O O-O 8.b3 b6
9.Rd1 Bb7 10.Nc3 Rc8 11.e4 dxe4 12.Nxe4 Nxe4 13.Qxe4 Nf6 14.Qc2 Bd6 15.c5 Bb8
16.Bb2 Qe7 17.Rac1 Rfd8 18.Qe2 Nd5 19.Ne5 Qe8 20.Re1 Ne7 21.Bh3 Bxe5 22.Qxe5 Rd5
23.Qe4 Rcd8 24.b4 b5 25.Rcd1 Bc8 26.Rd3 R5d7 27.Rf3 Nd5 28.Qe5 Re7 29.a3 Kh8
30.Bc1 f6 31.Qe4 e5 32.Bxc8 exd4 33.Be6 Nc7 34.Qg4 Rxe6 35.Rxe6 Qxe6 36.Qxe6 Nxe6
37.Rd3 Kg8 38.Bb2 Kf7 39.f4 g6 40.Kf2 f5 41.Kf3 h6 42.h4 Kf6 43.Rd1 Rd7 44.Rh1 h5
45.Rd1 Kf7 46.Ke2 Rd8  1/2-1/2

[Event "9th YM Open"]
[Site "Lausanne SUI"]
[Date "2008.09.21"]
[Round "4"]
[White "Peric,Sl"]
[Black "Pardey,K"]
[Result "0-1"]
[WhiteElo "2253"]
[BlackElo "2022"]

1.d4 d5 2.Nf3 c6 3.c4 Nf6 4.Nbd2 Bf5 5.Nh4 Bg6 6.g3 e6 7.Nxg6 hxg6 8.Qb3 Qc7
9.Bg2 Nbd7 10.Nf3 dxc4 11.Qxc4 Bd6 12.O-O O-O 13.b3 e5 14.Bb2 exd4 15.Bxd4 Ne5
16.Qc3 Nxf3+ 17.Bxf3 Rfe8 18.Rad1 Be5 19.Rd3 Bxd4 20.Rxd4 Rad8 21.Rfd1 Rxd4
22.Qxd4 a6 23.h4 Re7 24.Qd8+ Qxd8 25.Rxd8+ Re8 26.Rd4 Kf8 27.g4 Nd5 28.Bxd5 cxd5
29.e3 Re4 30.Rxe4 dxe4 31.Kg2 f5 32.Kg3 Kf7 33.h5 gxh5 34.gxf5 Kf6 35.Kf4 h4
36.Kxe4 Kg5 37.Kf3 Kxf5 38.Kg2 g5 39.Kh3 Ke5 40.Kg4 Ke4 41.b4 b6 42.a4 b5
43.axb5 axb5 44.f4 gxf4 45.exf4 h3 46.Kxh3 Kxf4 47.Kg2 Ke3 48.Kf1 Kd2 49.Kf2 Kc3
50.Ke1 Kxb4 51.Kd2 Kb3  0-1

[Event "Open"]
[Site "Yuzhny UKR"]
[Date "2008.09.21"]
[Round "3"]
[White "Kamenets,A"]
[Black "Kurayan,R"]
[Result "0-1"]
[WhiteElo "2265"]
[BlackElo "2155"]

1.d4 d5 2.c4 c6 3.Nf3 Nf6 4.Qc2 g6 5.e3 Bg7 6.Bd3 O-O 7.O-O dxc4 8.Bxc4 Bf5
9.Qb3 b5 10.Be2 a5 11.a4 b4 12.Nbd2 Nbd7 13.Nc4 c5 14.Rd1 cxd4 15.Nxd4 Qc7
16.Bd2 Nc5 17.Qa2 Bd3 18.Be1 Bxe2 19.Nxe2 Ng4 20.Ng3 Rfd8 21.Rab1 Ne5 22.Nxe5 Qxe5
23.Rdc1 Nd3 24.Rc2 Rac8 25.Rxc8 Rxc8 26.b3 Rc1 27.Rxc1 Nxc1 28.Qc2 Qa1 29.f4 Bc3
30.Bxc3 bxc3 31.Ne4 Nd3+  0-1

[Event "5th Highlands Open A"]
[Site "Zdar nad Sazavou CZE"]
[Date "2008.09.23"]
[Round "4"]
[White "Zpevak,P"]
[Black "Bures,J"]
[Result "1-0"]
[WhiteElo "2423"]
[BlackElo "2243"]

1.d4 Nf6 2.Nf3 d5 3.c4 c6 4.Qc2 e6 5.g3 Na6 6.a3 Be7 7.Bg2 O-O 8.O-O Nc7
9.Nbd2 Nce8 10.b3 Nd6 11.Ne5 Bd7 12.Bb2 Rc8 13.Qd3 Rc7 14.Bc3 Qb8 15.c5 Nb5
16.Bb4 Rcc8 17.a4 Nc7 18.Ba3 Be8 19.b4 a6 20.Qe3 Nd7 21.Nd3 f6 22.Bh3 Bf7
23.Nf4 Rfe8 24.Bb2 Bf8 25.Nd3 Rcd8 26.f4 Bg6 27.Qf3 Bf5 28.g4 Bg6 29.Bc3 Re7
30.Rae1 Rde8 31.Bg2 h6 32.Kh1 Bh7 33.Qg3 g5 34.e4 Bg7 35.e5 fxe5 36.dxe5 Bxd3
37.Qxd3 gxf4 38.Rxf4 Rf8 39.Rxf8+ Qxf8 40.Qe3 Rf7 41.g5 hxg5 42.Qxg5 Rf5
43.Qg3 a5 44.Nf3 axb4 45.Bxb4 Na6 46.Ba3 Naxc5 47.Nd4 Qf7 48.Nxf5 Qxf5 49.Bh3 Qh5
50.Rg1 Qh7 51.Qe3 Qc2 52.Rc1  1-0

[Event "5th Highlands Open A"]
[Site "Zdar nad Sazavou CZE"]
[Date "2008.09.26"]
[Round "7"]
[White "Zpevak,P"]
[Black "Krondraf,K"]
[Result "1-0"]
[WhiteElo "2423"]
[BlackElo "2214"]

1.d4 d5 2.Nf3 c6 3.c4 Nf6 4.Qb3 dxc4 5.Qxc4 Bf5 6.g3 e6 7.Bg2 Nbd7 8.O-O h6
9.Nc3 Be7 10.Re1 O-O 11.e4 Bh7 12.a3 Rc8 13.b4 a5 14.Qb3 Qb6 15.Rb1 axb4
16.axb4 Ra8 17.Bf4 Qa7 18.Ne5 Qa6 19.b5 Qa3 20.bxc6 bxc6 21.Nxc6 Ra6 22.Nb5  1-0

[Event "TCh-NED 2008-9"]
[Site "Netherlands NED"]
[Date "2008.09.27"]
[Round "1"]
[White "Hoffmann,Micha1"]
[Black "Smeets,J"]
[Result "1/2-1/2"]
[WhiteElo "2469"]
[BlackElo "2593"]

1.d4 d5 2.c4 c6 3.Nf3 Nf6 4.Qb3 dxc4 5.Qxc4 Bf5 6.g3 e6 7.Bg2 Be7 8.O-O O-O
9.e3 Nbd7 10.Qe2 Ne4 11.Rd1 Qc7 12.Nfd2 Nxd2 13.Bxd2 e5 14.e4 Be6 15.d5 cxd5
16.exd5 Bf5 17.Na3 Rac8 18.Rac1 Qb6 19.Be3 Bc5 20.Bxc5 Rxc5 21.Rxc5 Qxc5
22.Nb5 Nf6 23.Nc3 Qd6 24.Nb5 Qc5 25.Nc3 Qd6 26.Nb5 Qa6 27.Qxe5 Qxb5 28.Qxf5 Qxb2
29.d6 Qxa2 30.Bxb7 Rd8 31.Bc6 Qb3 32.Qf3 Qxf3 33.Bxf3 Kf8 34.h4 Ne8 35.Ra1 Rxd6  1/2-1/2

[Event "17th CRO-chT 1a"]
[Site "Sibenik CRO"]
[Date "2008.09.28"]
[Round "2"]
[White "Erdos,V"]
[Black "Predojevic,B"]
[Result "1/2-1/2"]
[WhiteElo "2576"]
[BlackElo "2634"]

1.d4 d5 2.c4 c6 3.Nf3 Nf6 4.Qb3 dxc4 5.Qxc4 Bf5 6.g3 e6 7.Bg2 Be7 8.O-O O-O
9.Nc3 Nbd7 10.Re1 Bg6 11.e4 Rc8 12.Qb3 c5 13.d5 c4 14.Qd1 Bc5 15.Bg5 h6 16.Bxf6 Nxf6
17.Ne5 exd5 18.exd5 b5 19.Bh3 Rb8 20.Nc6 Qb6 21.Qd2 Rbe8 22.b4 cxb3 23.axb3 Rxe1+
24.Rxe1 a5 25.Re2 Bh5 26.Re5 Bg6 27.Re2 Bh5 28.Re5 Bg6  1/2-1/2

[Event "Podillya It"]
[Site "Khmelnitsky UKR"]
[Date "2008.09.29"]
[Round "4"]
[White "Nechaev,An"]
[Black "Ivanov,VA UKR"]
[Result "1-0"]
[WhiteElo "2394"]
[BlackElo "2148"]

1.d4 d5 2.c4 c6 3.Nf3 Nf6 4.Qc2 g6 5.Nc3 Bg7 6.e3 Bf5 7.Qb3 Qb6 8.cxd5 Qxb3
9.axb3 cxd5 10.Nb5 Na6 11.Bd2 O-O 12.Ne5 Rfc8 13.Bd3 Bxd3 14.Nxd3 Ne4 15.f3 Nxd2
16.Kxd2 Rc6 17.Rhc1 Rb6 18.Nc7 Nxc7 19.Rxc7 e6 20.Rac1 Rxb3 21.Rd7 Bf6 22.Rcc7 Bd8
23.Rxb7 Rxb7 24.Rxb7 Bf6 25.Nc5 a5 26.b3 h5 27.Kd3 Kf8 28.e4 Be7 29.exd5 Rd8
30.Nd7+ Ke8 31.dxe6 fxe6 32.Ne5 Bc5 33.Nc6 Rd6 34.Kc4 Ba3 35.Nxa5 Bb2 36.b4 Bxd4
37.Nb3 Bg1 38.h3 g5 39.Rh7 h4 40.b5 Kd8 41.Rg7 Be3 42.Nc5 Kc8 43.Ne4 Rd4+
44.Kb3 Rd5 45.Ka4 Rd4+ 46.Ka5 Rd5 47.Re7 Rd1 48.Rxe6 Ra1+ 49.Kb4 Bf4 50.b6 Rb1+
51.Kc4 Rc1+ 52.Kd5 Rc2 53.Nc5 Kd8 54.Kc6 Rxg2 55.Nb7+  1-0

[Event "Zvenigorodskaya Open A"]
[Site "Zvenigorod RUS"]
[Date "2008.09.29"]
[Round "7"]
[White "Khairullin,I"]
[Black "Buhmann,R"]
[Result "1/2-1/2"]
[WhiteElo "2575"]
[BlackElo "2561"]

1.d4 d5 2.c4 c6 3.Nf3 Nf6 4.Qb3 dxc4 5.Qxc4 Bg4 6.Nc3 Nbd7 7.e4 Bxf3 8.gxf3 e5
9.Be3 Bd6 10.O-O-O O-O 11.dxe5 Bxe5 12.Ne2 Qe7 13.f4 Bc7 14.Ng3 Rfe8 15.Rg1 g6
16.e5 Nd5 17.Nf5 Qf8 18.Kb1 N7b6 19.Qb3  1/2-1/2

[Event "USCL 2008"]
[Site "ICC INT"]
[Date "2008.10.01"]
[Round "6"]
[White "Young,A PHI"]
[Black "Galofre,C"]
[Result "1-0"]
[WhiteElo "2367"]
[BlackElo "2320"]

1.d4 d5 2.Nf3 Nf6 3.c4 c6 4.Nbd2 e6 5.g3 Nbd7 6.Bg2 Bd6 7.O-O O-O 8.Qc2 Re8
9.b3 e5 10.cxd5 cxd5 11.dxe5 Nxe5 12.Bb2 Bg4 13.Nxe5 Bxe5 14.Bxe5 Rxe5 15.Nf3 Rc8
16.Qb2 Re7 17.Nd4 Qb6 18.Rac1 Rec7 19.Rxc7 Rxc7 20.Rd1 Qc5 21.h3 Bh5 22.Rd2 Bg6
23.Kh2 a5 24.a4 Ne4 25.Bxe4 Bxe4 26.f3 Bg6 27.Kg2 h5 28.Nb5 Re7 29.Nd4 Re3
30.h4 Rc3 31.Nb5 Re3 32.Qd4 Qxd4 33.Nxd4 Kf8 34.Kf2 Rc3 35.Rd1 Ke7 36.Ke1 Rc5
37.Kd2 b6 38.Rg1 Kd6 39.g4 Ke5 40.gxh5 Kxd4 41.hxg6 f5 42.h5 Rc8 43.Rc1 Rh8
44.Rc7 Rxh5 45.Rxg7 Rg5 46.Rg8 f4 47.g7 Rg2 48.Rb8 Rxg7 49.Rxb6 Rg1 50.b4 Ra1
51.bxa5 Rxa4 52.a6 Ra2+ 53.Kd1 Ke5 54.Kc1 Kd4 55.Kb1 Ra4 56.Kb2 Kc5 57.Rf6 Kb5
58.Kc3 Rc4+ 59.Kd3 Ra4 60.Kc3 Rc4+ 61.Kd2 Ra4 62.a7 Rxa7 63.Rxf4 Kc5 64.Rf8 Kd4
65.Rf4+ Ke5 66.Rb4 Ra3 67.Rb5 Kd4 68.Rb2 Ke5 69.Rb4 Ra2+ 70.Ke3 Ra3+ 71.Kf2 Ra2
72.Rb3 Kf4 73.Re3 Rd2 74.Re8 Ra2 75.Rh8 Ke5 76.Rh5+ Kd4 77.Rh8 Ke5 78.Re8+ Kf4
79.Rf8+ Ke5 80.Kg3 Ra3 81.Re8+ Kf5 82.e3 Rb3 83.Rf8+ Ke5 84.f4+ Ke6 85.Kf2 Ra3
86.Re8+ Kd7 87.Rh8 Ke6 88.Rh6+ Ke7 89.Rb6 Rc3 90.Ke2 Ra3 91.Rb5 Ke6 92.Rb6+ Ke7
93.f5 Rc3 94.Re6+ Kf7 95.Re5 Rc5 96.e4 Rc4 97.exd5 Kf6 98.Kd3 Ra4 99.Re4 Ra3+
100.Kd4 Kxf5 101.Re1 Ra2 102.d6 Rd2+ 103.Kc5 Kf6 104.Kc6 Rc2+ 105.Kd7 Kf7
106.Rf1+ Kg7 107.Kd8 Rc3 108.d7 Rc4 109.Rf2 Kg8 110.Rf5 Kg7 111.Ke7  1-0

[Event "Tatry Open"]
[Site "Tatranske Zruby SVK"]
[Date "2008.10.02"]
[Round "7"]
[White "Urbanek,S"]
[Black "Kulago,A"]
[Result "1/2-1/2"]
[WhiteElo "2078"]
[BlackElo "2305"]

1.d4 d5 2.c4 c6 3.Nf3 Nf6 4.g3 Bf5 5.Nbd2 Nbd7 6.Bg2 e6 7.O-O Be7 8.b3 h6
9.Bb2 Ne4 10.Rc1 O-O 11.Nb1 Re8 12.Nfd2 Ndf6 13.Nxe4 Nxe4 14.f3 Nf6 15.Nd2 c5
16.e4 dxe4 17.Nxe4 Qc7 18.Nxc5 Bxc5 19.dxc5 Qxc5+ 20.Qd4 Qa5 21.Qc3 Qc5+
22.Qd4 Qa5 23.Qc3  1/2-1/2

[Event "TCh-BEL 2008-9"]
[Site "Belgium BEL"]
[Date "2008.10.05"]
[Round "1"]
[White "Uhoda,P"]
[Black "Soors,S"]
[Result "0-1"]
[WhiteElo "2113"]
[BlackElo "2176"]

1.d4 d5 2.c4 c6 3.Nf3 Nf6 4.Qc2 g6 5.Bf4 Bf5 6.Qb3 Qb6 7.c5 Qxb3 8.axb3 Bxb1
9.Rxb1 Nbd7 10.h3 Bg7 11.e3 O-O 12.Be2 Ne4 13.b4 a6 14.Bh2 Rfe8 15.Nd2 Nxd2
16.Kxd2 e5 17.dxe5 Nxe5 18.Bxe5 Bxe5 19.Bd3 f5 20.Kc2 a5 21.Kb3 axb4 22.Kxb4 Ra2
23.Kb3 Rea8 24.g4 f4 25.exf4 Bxf4 26.Rhe1 Kf7 27.Re2 Ra1 28.Kc2 Rxb1 29.Kxb1 Ra5
30.Rc2 Be5 31.f3 Bd4 32.f4 Rxc5 33.Rxc5 Bxc5 34.f5 g5 35.Kc2 Bd4 36.b3 Bf6
37.Be2 Ke7 38.Kd3 Kd6 39.Bd1 Kc5 40.Be2 Kb4 41.Kc2 Kc5 42.Kd3 Kd6 43.Bd1 Ke5
44.Ke3 Be7 45.Be2 h6 46.Bd1 Bc5+ 47.Kd3 Kf4 48.Kc3 Ke3 49.b4 Bd4+ 50.Kb3 b5
51.Bc2 Bf6 52.Bd1 d4  0-1

[Event "TCh-BEL 2008-9"]
[Site "Belgium BEL"]
[Date "2008.10.05"]
[Round "1"]
[White "Polaczek,R"]
[Black "Lemmers,O"]
[Result "1/2-1/2"]
[WhiteElo "2419"]
[BlackElo "2388"]

1.d4 d5 2.Nf3 c6 3.c4 Nf6 4.Qc2 g6 5.Bf4 Bf5 6.Qb3 Qb6 7.e3 Nbd7 8.Nc3 Bg7
9.Be2 O-O 10.Ne5 Qxb3 11.axb3 Ne4 12.Nxd7 Bxd7 13.cxd5 Nxc3 14.bxc3 cxd5
15.Bf3 Bc6 16.Ra5 Rfd8 17.O-O a6 18.c4 e6 19.Rfa1 Rac8 20.c5 f6 21.Bd6 Bb5
22.R5a2 Bf8 23.Bxf8 Kxf8 24.Be2 Bxe2 25.Rxe2 e5 26.b4 exd4 27.exd4 Re8 28.Kf1 Rxe2
29.Kxe2 Ke7 30.b5 axb5 31.Ra5 b6 32.cxb6 Rb8 33.Rxb5 Kd6 34.Kd3 Kc6 35.Rc5+ Kd6
36.Rb5 Kc6 37.Rc5+ Kd6 38.Rc7 Rxb6 39.Rxh7 Ke6 40.h4 Rb3+ 41.Ke2 Kf5 42.Re7 Rb4
43.Kd3 Rb3+ 44.Kc2 Ra3 45.Re2 Ra2+ 46.Kd3 Ra3+ 47.Kd2 Ra2+ 48.Kd3 Ra3+ 49.Kd2 Ra2+
50.Kd3  1/2-1/2

[Event "TCh-FIN"]
[Site "Finland FIN"]
[Date "2008.10.05"]
[Round "4"]
[White "Solozhenkin,E"]
[Black "Kanep,M"]
[Result "1/2-1/2"]
[WhiteElo "2511"]
[BlackElo "2526"]

1.d4 Nf6 2.c4 c6 3.Nf3 d5 4.Qb3 dxc4 5.Qxc4 Bf5 6.g3 e6 7.Bg2 Nbd7 8.O-O Be7
9.Nc3 O-O 10.Re1 Bg6  1/2-1/2

[Event "1st WMSG Rapid Ind w"]
[Site "Beijing CHN"]
[Date "2008.10.06"]
[Round "5"]
[White "Schuurman,P"]
[Black "Le Kieu Thien Kim"]
[Result "0-1"]
[WhiteElo "2324"]
[BlackElo "2291"]

1.Nf3 Nf6 2.c4 c6 3.d4 d5 4.Qc2 e6 5.e3 Nbd7 6.Nc3 Bd6 7.Be2 O-O 8.Bd2 Qe7
9.g4 dxc4 10.g5 Nd5 11.Bxc4 b5 12.Nxd5 cxd5 13.Bxb5 Bb7 14.Bd3 g6 15.h4 e5
16.dxe5 Nxe5 17.Nd4 Bc5 18.O-O-O Rfc8 19.Bc3 Bb4 20.Kb1 Bxc3 21.bxc3 Qa3
22.Rc1 Ba6 23.Bxa6 Qxa6 24.Ka1 Qc4 25.h5 Rab8 26.hxg6 fxg6 27.Rb1 Rxb1+ 28.Rxb1 Qxc3+
29.Qxc3 Rxc3 30.Rb8+ Kf7 31.Rb7+ Kg8 32.Kb2 Rc8 33.Rxa7 Nd3+ 34.Kb3 Rb8+
35.Kc3 Nxf2 36.Ne6 Re8 37.Rg7+ Kh8 38.Rd7 Rxe6 39.Rd8+ Kg7 40.Rd7+ Kg8 41.Kd4 Re4+
42.Kxd5 Rxe3 43.a4 Ng4 44.Rd8+ Kf7 45.Rd7+ Re7 46.Kd6 Rxd7+ 47.Kxd7 Ne5+
48.Kd6 Nc4+ 49.Kc5 Na5 50.Kd5 Kg7 51.Ke5 h5 52.gxh6+ Kxh6 53.Kf4 Kh5 54.Kg3 Kg5
55.Kf3 Kh4  0-1

[Event "1st WMSG Rapid Ind w"]
[Site "Beijing CHN"]
[Date "2008.10.06"]
[Round "5"]
[White "Peng Zhaoqin"]
[Black "Dolzhikova,K"]
[Result "0-1"]
[WhiteElo "2455"]
[BlackElo "2351"]

1.d4 d5 2.c4 c6 3.Nf3 Nf6 4.Qb3 Qb6 5.Nc3 dxc4 6.Qxc4 Bg4 7.Ne5 Bh5 8.e4 e6
9.f3 Nbd7 10.Nd3 O-O-O 11.Be3 e5 12.Kf2 Qc7 13.Rc1 Nb6 14.Qb3 exd4 15.Bf4 Bd6
16.Nb5 Bxf4 17.Nxc7 Bxc1 18.Nxc1 Kxc7 19.Nd3 Rhe8 20.Be2 g5 21.Rc1 g4 22.Nc5 gxf3
23.gxf3 Re5 24.a4 Nfd7 25.Nd3 Ra5 26.Nf4 Bg6 27.Qb4 Rxa4 28.Nd5+ Kc8 29.Ne7+ Kc7
30.Nd5+ Kc8 31.Qe7 Nxd5 32.exd5 Nb8 33.Bb5 Rd7 34.Qe8+ Rd8 35.Qe5 Ra5 36.dxc6 Nxc6
37.b4 Ra2+ 38.Kg3 Rc2 39.Rxc2 Bxc2 40.Bxc6 bxc6 41.b5 Ba4 42.Qf5+ Rd7 43.Qxh7 Bxb5
44.Qh8+ Kb7 45.Qe8 c5 46.Qe4+ Kb6 47.Qc2 d3 48.Qd2 a5 49.h4 a4 50.h5 a3 51.h6 f6
52.Kf4 Bc4 53.h7 Rxh7 54.Qc3 Rd7 55.Qxc4 Rd4+  0-1

[Event "58th TCh w 1st Div"]
[Site "Borovets BUL"]
[Date "2008.10.06"]
[Round "6"]
[White "Olarasu,G"]
[Black "Velcheva,M"]
[Result "1/2-1/2"]
[WhiteElo "2297"]
[BlackElo "2280"]

1.d4 d5 2.Nf3 Nf6 3.c4 c6 4.Qc2 dxc4 5.Qxc4 Bf5 6.g3 Nbd7 7.Bg2 e6 8.O-O Be7
9.e3 O-O 10.Qe2 c5 11.Nc3 Ne4 12.Nd2 Nxd2 13.Bxd2 cxd4 14.exd4 Nf6 15.Be3 Qd7
16.h3 Rac8 17.Rfd1 Rfd8 18.Rac1 Nd5 19.g4 Bg6 20.Nxd5 exd5 21.Bf4 Bf8 22.Rxc8 Rxc8
23.Qe5 Rd8 24.Qc7 Qxc7 25.Bxc7 Rd7 26.Bf4 f6 27.Rc1 Be4 28.Rc8 Bxg2 29.Kxg2 Kf7
30.Bb8 a6 31.Ba7 Bd6 32.Bc5 Rc7 33.Rxc7+ Bxc7  1/2-1/2

[Event "ch-Commonwealth"]
[Site "Nagpur IND"]
[Date "2008.10.06"]
[Round "11"]
[White "Joshi,P"]
[Black "Ajith,M"]
[Result "1-0"]
[WhiteElo "2281"]
[BlackElo "2104"]

1.d4 d5 2.c4 c6 3.Nf3 Nf6 4.Qc2 g6 5.Bf4 Bg7 6.e3 O-O 7.Nc3 Qa5 8.Be2 dxc4
9.Bxc4 b5 10.Bb3 Bf5 11.Qe2 Ne4 12.Rc1 Nd7 13.O-O Nxc3 14.bxc3 Bg4 15.h3 Bxf3
16.Qxf3 Rac8 17.c4 b4 18.c5 e5 19.Bg5 exd4 20.exd4 Qc7 21.Rcd1 Nb8 22.h4 h5
23.Rfe1 Rfe8 24.Re4 Rxe4 25.Qxe4 Kh7 26.g4 Qd7 27.gxh5 Re8 28.Qf3 f5 29.d5 Re4
30.hxg6+ Kxg6 31.dxc6 Qxc6 32.Rd6+ Qxd6 33.cxd6 Nd7 34.Bc2 Re5 35.Qc6 Re1+
36.Kg2 Ne5 37.Qe8+  1-0